| 000 | 00623nam a2200193Ia 4500 | ||
|---|---|---|---|
| 003 | GCL | ||
| 008 | 140319s9999 xx 000 0 ara d | ||
| 040 |
_aGCL / _cGCL |
||
| 082 | 0 | 4 |
_a025 _bح ا |
| 100 | 1 | _aحسن عبد الشافى | |
| 245 | 1 | 0 |
_aالاعداد الفنى للكتب فى المكتبات : الفهرسة والتصنيف / _cحسن عبد الشافى |
| 260 |
_a[S.N] : _bدار الشعب للطباعة والنشر ، _c1970 |
||
| 300 | _a260 ص | ||
| 490 | _a | ||
| 650 | 0 | 4 | _aالفهرسة الموضوعية |
| 650 | 0 | 4 | _aتصنيف الكتب |
| 650 | 0 | 4 | _aالكتب |
| 942 |
_2ddc _cBK |
||
| 999 |
_c36821 _d36821 |
||